| 000 | 02379nam0a2200385 i 4500 | ||
|---|---|---|---|
| 001 | RU\NLR\BIBL_A\011134078 | ||
| 005 | 20260405201432.0 | ||
| 010 |
_a9785215028117 _9500 |
||
| 021 |
_aRU _b2016-36926 _92372 |
||
| 035 | _a(NILC)RuMoRGB-008476780 | ||
| 035 | _a(NLR Aleph) 011134078 | ||
| 090 |
_a11584236 _c11584236 |
||
| 100 | _a20160523d2016 um y0rusy50 ca | ||
| 101 | 0 | _arus | |
| 102 |
_aRU _aRU |
||
| 105 | _aa|||z||||11yy | ||
| 200 | 1 |
_aСфера социальных услуг в конкурентной среде (российский и зарубежный опыт) _eучебное пособие для подготовки бакалавров по направлению 38.03.02 Менеджмент _eк 20-летию основания ГУУ _fН. И. Сидоров, д. э. н.,. проф., Ф. Д. Конобевцев, к. э. н., доц., Е. В. Соснова, к. э. н., доц., М. В. Шевченко _g[отв. ред. к. э. н., доц. Р. А. Ашурбеков] _gМ-во образования и науки Российской Федерации, Федеральное гос. бюджетное образовательное учреждение высш. образования "Гос. ун-т упр.", Ин-т упр. персоналом, социальных и бизнес-коммуникаций |
|
| 210 |
_aМосква _cГУУ _d2016 |
||
| 215 |
_a91 с. _cил. _d21 |
||
| 320 | _aБиблиогр.: с. 71-74 (48 назв.) | ||
| 606 |
_aУслуги в социальной сфере _jУчебные издания для высших учебных заведений _91936370 _3RU\NLR\AUTH\661172856 |
||
| 675 | _a364 | ||
| 686 | 1 | _aХ621.159я73 | |
| 686 | 1 | _aХ811.5я73 | |
| 686 | 1 | _aУ49(0)я73 | |
| 701 | 1 |
_8rus _7ca _aСидоров _bН. И. _cд-р экон. наук _f1937- _gНиколай Исаевич _3RU\NLR\AUTH\7788983 _971911 |
|
| 701 | 1 |
_aКонобевцев _bФ. Д. _gФёдор Дмитриевич |
|
| 701 | 1 |
_aСоснова _bЕ. В. _gЕлена Всеволодовна |
|
| 701 | 1 |
_aШевченко _bМ. В. _gМария Владимировна |
|
| 702 | 1 |
_aАшурбеков _bР. А. _gРафик Ашурбекович _4340 |
|
| 801 | 0 |
_aRU _bРГБ _c20160504 _gRCR |
|
| 942 | _cBOOK | ||
| 980 | _aNBR | ||